| 000 | 00527nam a22001937a 4500 | ||
|---|---|---|---|
| 003 | DO-SdBNP | ||
| 005 | 20221205130235.0 | ||
| 007 | ta | ||
| 008 | 110301s2013 dr c 000 0 spa d | ||
| 040 |
_aDO-SdBNP _bspa _cBNPHU |
||
| 082 | 4 |
_axxxx _bxxx |
|
| 245 | 0 | 0 |
_aHora santa / _cpresentación Octavio Ant. Beras |
| 260 |
_aSanto Domingo : _bMSC, _c2013. |
||
| 300 |
_a64 p. : _bret. _c22 cm. |
||
| 590 | _aInventariado, 2022/ YL | ||
| 700 | 1 | 2 |
_aBeras, Octavio Antonio _epres. _982991 |
| 910 | _aYLockward | ||
| 942 |
_2ddc _cLBS1 |
||
| 999 |
_c53066 _d53066 |
||